Využití magnetofonu v mateřské škole

Podrobná bibliografia
Hlavný autor: Valentová, Drahomíra (Autor)
Médium: Článok
Jazyk:čeština

MARC

LEADER 00000nab a2200000uu 4500
001 vtls011437465
003 SK-MaSNL
005 20260303145544.0
008 230222| xo |||||||||||||||||cze|
015 |a SNBRB 
035 |a (urnnbn)urn:nbn:sk:snk:ar-002jcu 
035 |a (uuid)5e783024-07c4-4959-a55c-01ea6a6a93b4 
035 |a urn:nbn:sk:snk-abccm8 
040 |a SNKBUCL  |b slo  |c SNKBUCL  |e AACR2 
041 0 |a cze 
044 |a xo  |c SK 
100 1 |a Valentová, Drahomíra  |4 aut  |9 1168145 
245 1 0 |a Využití magnetofonu v mateřské škole  |c Drahomíra Valentová 
773 0 |t Predškolská výchova : pedagogický časopis pre učiteľky materských škôl  |g Roč. 29, č. 12 (1974-1975), s. 343-344 
958 |a OND 
958 |a EUIPO 
958 |a article16 
999 |c 2003807  |d 2005737